Eurovision 2026 nach Kritzeleien Teil 2 - Statistiken

Allgemein
  • Dieses Quiz wurde 36 mal gespielt
    32 seit der letzten Aktualisierung
  • Das Durchschnittsergebnis liegt bei 10 aus 12
Antwortstatistiken
Bildquiz Antwort % Korrekt
Griechenland
93%
Kroatien
93%
Norwegen
93%
Bulgarien
90%
Portugal
90%
Dänemark
86%
Belgien
79%
Lettland
79%
San Marino
79%
Tschechien
79%
Australien
69%
Aserbaidschan
52%
Keine übereinstimmenden Quizze gefunden
Verteilung der Resultate
Anzahl Personen mit jedem Resultat
Perzentil nach korrekt beantworteten Fragen
Ihre Resultats-Entwicklung
Sie haben dieses Quiz seit der letzten Aktualisierung nicht gespielt